000 00309nam a22001457a 4500
008 210310b ||||| |||| 00| 0 eng d
020 _a0619100303
041 _aeng
080 _23rd
_a004
080 _a004
100 _a28
101 _aSHKI
245 _aThe Internet
_cSchneider, G.P
942 _2udc
_cBK
999 _c56182
_d56182